00374nam a22001337a 450000500170000000800410001704100130005808200130007110000130008424500390009726000460013630000320018265000260021420240704080957.0240704b |||||||| |||| 00| 0 eng d aEnglish  a349 SOU  lEnglish  aSouth African Criminal Law Reports aCape Town: bJuta and Company Ltd, c2000 blxxii, 676 pages; c26 cm.  aLegal practice bLaw